000 00451nam a22001697a 4500
003 MPLRDC
005 20220104123341.0
008 210129b ||||| |||| 00| 0 eng d
082 _a947.1 MSXB v.5
100 _a文翔图书股份有限公司编辑部
245 _a植物画典
_c
260 _a
_b文翔图书股份有限公司
_c1981
300 _b
490 _a美术新编. 5
650 _a一般西洋画法
942 _cBK
_o947.1 MSXB v.5
999 _c10694
_d10684